Progresos en las enfermedades cardiovasculares / (Record no. 65533)

MARC details
000 -LEADER
campo de control de longitud fija 01617nam a2200253 i 4500
001 - NÚMERO DE CONTROL
campo de control 65533
003 - IDENTIFICADOR DE NÚMERO DE CONTROL
campo de control ES-MaACL
005 - FECHA Y HORA DE LA ÚLTIMA TRANSACCIÓN
campo de control 20230906165412.0
007 - CAMPO FIJO DE DESCRIPCIÓN FÍSICA--INFORMACIÓN GENERAL
campo de control de longitud fija t|
008 - DATOS DE LONGITUD FIJA--INFORMACIÓN GENERAL
campo de control de longitud fija 040115m19631981sp ||||1| spa d
100 1# - ENTRADA PRINCIPAL--NOMBRE DE PERSONA
Nombre de persona Friedberg, Charles K.
9 (RLIN) 52610
245 10 - MENCIÓN DEL TÍTULO
Título Progresos en las enfermedades cardiovasculares /
Mención de responsabilidad, etc. director Charles K. Friedberg ; [versión española por J. Colom, M. Lerma ; revisada por D. Figueroa, E. A. Vidal Barraquer].
260 ## - PUBLICACIÓN, DISTRIBUCIÓN, ETC.
Lugar de publicación, distribución, etc. Barcelona :
Nombre del editor, distribuidor, etc. Ed. Científico-Médica,
Fecha de publicación, distribución, etc. [1963-81]
300 ## - DESCRIPCIÓN FÍSICA
Extensión 9 v. :
Otras características físicas il. ;
Dimensiones 25 cm.
500 ## - NOTA GENERAL
Nota general Son los t. I-VI y XI-XII y XIX.
505 8# - NOTA DE CONTENIDO CON FORMATO
Nota de contenido con formato Contiene: v. 1. Métodos diagnósticos, arritmias cardíacas -- v. 2. Terapéutico corazón, riñón y electrolitos -- v. 3. Corazón, riñón y electrolitos, II cirugía cardíaca, miscelánea, radioisótopos -- v. 4. La insuficiencia mitral y el soplo sestólico apical, la enfermedad coronaria --- v. 5. Enfermedad miocardíaca ..-- V. 6 -- v. 11. Electrocardiografía, problemas actuales en el infarto agudo de miocardio y la muerte súbita, fisiopatología y diagnóstico diferencial I -- v. 12. Fisiopatología y diagnóstico diferencial II, enfermedad arterial coronaria, marcapasos, nuevos métodos de diagnóstico I -- v. 19. Ecocardiografía III y V, captopril fitrinolisis I y II, artículos especiales
650 04 - PUNTO DE ACCESO ADICIONAL DE MATERIA--TÉRMINO DE MATERIA
Término de materia o nombre geográfico como elemento de entrada Aparato circulatorio-
Subdivisión general Enfermedades.
9 (RLIN) 9905
700 1# - ENTRADA AGREGADA--NOMBRE PERSONAL
Nombre de persona Colom, J.
9 (RLIN) 39789
700 1# - ENTRADA AGREGADA--NOMBRE PERSONAL
Nombre de persona Lerma, M.
9 (RLIN) 71775
700 1# - ENTRADA AGREGADA--NOMBRE PERSONAL
Nombre de persona Figueroa, D.
9 (RLIN) 50777
700 1# - ENTRADA AGREGADA--NOMBRE PERSONAL
Nombre de persona Vidal Barraquer, E. A.
9 (RLIN) 114466
852 ## - LOCALIZACIÓN
Ubicación ES-MaACL
Número de control de estantería P-771-Ter
Sublocalización o colección R.52680
852 ## - LOCALIZACIÓN
Ubicación ES-MaACL
Número de control de estantería C-27599
Nota libre (Vol. 4º)
Holdings
Estatus retirado Estado de pérdida Estado de daño No para préstamo Biblioteca de origen Biblioteca actual Ubicación en estantería Fecha de adquisición Fuente de adquisición Total de préstamos Signatura topográfica completa Código de barras Visto por última vez Precio de reemplazo Tipo de ítem Koha
        Biblioteca del Ateneo de Madrid Biblioteca del Ateneo de Madrid Depósito 2 05/09/2019     C-27599 1201076 23/02/2023 23/02/2023 Libro impreso
        Biblioteca del Ateneo de Madrid Biblioteca del Ateneo de Madrid Depósito 2 17/01/2008     P-771-Ter 1068659 23/02/2023 23/02/2023 Libro impreso